| 000 | 01274nam a22003137a 4500 | ||
|---|---|---|---|
| 001 | BRCA_9331 | ||
| 003 | FranzMayer | ||
| 005 | 20230918120617.0 | ||
| 008 | 230825b |||||||| |||| 00| 0 eng d | ||
| 020 | _a9529878281 | ||
| 040 |
_aMFM _bespañol _cmfm |
||
| 050 | 0 |
_aNK5198.S2 _b.T56 2000 |
|
| 110 | 1 |
_4Responsable _aDesign Museum, Helsinki _929155 |
|
| 240 |
_aTimo Sarpaneva Kokoelma Collection _lFines/Inglés |
||
| 245 | 0 | _aTimo Sarpaneva Kokoelma Collection | |
| 260 |
_aHelsinki, Finlandia _bDesignmuseo Helsinki _c2000 |
||
| 300 |
_a126 p _bIlustraciones a color _c26 cm |
||
| 500 | _aAnexo 1 | ||
| 505 | _aTexto en: fines e inglésIncluye índice temáticoIncluye bibliografía p 115Dirigido a: artistas, artesanos, museógrafos o personas con interés en la historia del arte y museos. | ||
| 650 | 1 |
_2Sarpaneva Timo 1926 _aCatálogos _vProducción artística _929156 |
|
| 651 | 2 |
_2Design museo (Helsinki, Finlandia) _aCatálogos _vColecciones de diseño _929157 |
|
| 700 | 1 |
_4Edic. _aAav, Marianne _929158 |
|
| 700 | 1 |
_4Edic. _aBrännback, Ebba _929159 |
|
| 700 | 1 |
_4Edic. _aViljanen, Eeva _929160 |
|
| 700 | 1 |
_4Fot. _aTräskelin, Ruano _929161 |
|
| 700 | 1 |
_4Trad. _aKokkonen, Jyri _929162 |
|
| 700 | 1 |
_4Org. _aRintamäki, Arja _929163 |
|
| 942 |
_2lcc _cB |
||
| 999 |
_c10953 _d10953 |
||